| 000 | 00620nam a2200169Ia 4500 | ||
|---|---|---|---|
| 008 | 090124s9999 xx 000 0 und d | ||
| 082 |
_b32023 _a650 |
||
| 245 | _a मराठी वैद्यक ग्रंथसूची (1951 ते 1999) | ||
| 250 | _a1 | ||
| 260 | _c2000 | ||
| 300 | _a280 | ||
| 630 | _a मराठी वैद्यक ग्रंथसूची (1951 ते 1999) | ||
| 700 | _aनाडकर्णी सुरेश. | ||
| 700 | _aमहाजन कविता | ||
| 730 | _a मराठी वैद्यक ग्रंथसूची (1951 ते 1999) | ||
| 942 | _cBOOK | ||
| 999 |
_c145502 _d145502 |
||